Reštrukturalizácia siete je nevyhnutná

Podrobná bibliografia
Hlavný autor: Janík, Branislav (Autor)
Médium: Článok
Jazyk:slovenčina
ISSN:1335-4477
Predmet:

MARC

LEADER 00000nab a2200000 a 4500
001 vtls008934758
003 SK-MaSNL
005 20260303070614.0
008 140303c2006 xo wrzp 0 0slo
015 |a SNBRB2007/01  |2 snkbucl 
040 |a SNKBUCL  |b slo  |c SNKBUCL  |e AACR2 
041 0 |a slo 
044 |a xo  |c SK 
080 |a 614.2  |x (437.6)  |2 1997 
100 1 |a Janík, Branislav  |4 aut  |9 838464 
245 1 0 |a Reštrukturalizácia siete je nevyhnutná  |c Branislav Janík 
650 0 7 |a zdravotníctvo  |z Slovensko  |2 snkbucl  |9 310379 
773 0 |t Zdravotnícke noviny  |g Roč. XI, č. 46 (2006), s. 5  |x 1335-4477 
852 |a SNK  |b KIS3GCP 
958 |a MI 
958 |a SK 
999 |c 1756095  |d 1758025